| 000 | 00450nam a2200157 i 4500 | ||
|---|---|---|---|
| 001 | 49651 | ||
| 003 | ES-MaACL | ||
| 005 | 20230906162034.0 | ||
| 007 | t| | ||
| 008 | 030721s1956 sp ||||1| spa d | ||
| 100 | 1 |
_aCote Lamús, Eduardo. _941171 |
|
| 245 | 1 | 4 |
_aLos sueños _b: 1951-1955 / _cEduardo Cote Lamús. |
| 260 |
_aMadrid : _bInsula, _c1956 ( _fSilverio Aguirre Torre) |
||
| 300 |
_a102 p. ; _c20 cm. |
||
| 852 |
_aES-MaACL _jC-11387 _bR.38968 |
||
| 999 |
_c49651 _d49651 |
||